000 01798nam a2200445 4500
999 _c64030
_d64030
001 768714001
003 CO-MdFUSB
005 20180622074846.0
008 170915b xxu||||| |||| 00| 0 eng d
020 _a9788497153683
040 _aCO-MdFUSB
_bspa
_cCO-MdFUSB
_dCO-MdFUSBC
_erda
041 _aspa
082 _222
_a230.41
_bL973
245 1 _aLutero y la teología católica
_b: tender puentes entre formas de pensamiento diferentes
_c/ Theodoro Dieter , Hubertus Blaumeiser , Wolfgang Thönissen Stefan Tobler , Viviana de Marco ; Traducción de Antonio Paneque
264 1 _aMadrid :
_bCiudad Nueva,
_c[2017]
264 4 _c©2017
300 _a151 páginas :
_c22 cm.
336 _2rdacontent
_a1
_ba1
337 _2rdamedia
_a2
_b5
338 _2rdacarrier
_a2
_b5
490 _aTeología en diálogo
504 _aIncluye referencias bibliográficas
505 _aDel conflicto a la comunión.
_rTheodor Dieter
505 _aRe-formatio.
_rHubertus Blaumeiser
505 _aLutero y la teología católica.
_rWolfgang Thönissen
505 _a¿O lo uno o lo otro?
_rHubertus Blaumeiser
505 _aDesde el corazón de la revelación al centro de la vida
_rHubertus Blaumeiser
505 _aLa reflexión cristocéntrica sobre la trinidad en la teología de la reforma
_rStefan Tobler
505 _aEl obispo Klaus Hemmerle y la unidad de los cristianos
_rViviana de Marco
600 1 7 _aLuther, Martin
_d(1483-1546)
610 0 _bIglesia Luterana
_xTeología
610 2 7 _aIglesia Católica
_xTeología
650 7 _9395
_aReforma
_xTeología
720 _aDieter, Theodor
_ecoautor
720 _aBlaumeiser, Hubertus
_ecoautor
720 _aThönissen, Wolfgang
_ecoautor
720 _aTobler, Stefan
_ecoautor
720 _aMarco, Viviana de
_ecoautor
942 _cBK